000 00329nam a2200133Ia 4500
008 191201s2011 xx 000 0 und d
100 _aBHAKTIVEDANTA,AC
245 0 _aBhagavad Gita As it is
250 _aRep
260 _aN. Delhi
_bBhaktivedanta book trust
_c2011
300 _a576
650 _aGeneral Books
942 _2ddc
_cBK
999 _c5745
_d5745